000 01074cam a22003011 4500
001 7029
003 BD-RjUL
005 20211208234345.0
008 140113r19301879enkah 000 0 eng d
035 _a(BD-RjUL)7071
035 _a(OCoLC)610745
040 _aDLC
_cOClU
_dOCoLC
_dDLC
_d(BD-RjUL)
_beng
041 _aeng
082 0 0 _a382
_bMAP
100 1 _aMarshall, Alfred,
_d1842-1924.
_96728
245 1 4 _aThe pure theory of foreign trade :
_bThe pure theory of domestic values /
_cBy Alfred Marshall.
260 _aLondon :
_bThe London School of Economics and Political Science,
_c1930. [Reprent 1949]
300 _a28-36p. :
_bfold. diagrs ;
_c22 cm.
490 0 _aSeries of reprints of scarce tracts in economics and political science,
_vno. 1
500 _aFacsimile reprint of two papers printed for private circulation in 1879.
650 0 _aCommerce.
_922017
650 0 _aValue.
_922018
650 0 _aEconomics, Mathematical.
_922019
740 4 _aThe pure theory of domestic values.
942 _2ddc
_cBK
999 _c7029
_d7029